Countries A-Z with the Tallest Building - Statistics

General Stats
  • This quiz has been taken 114 times
  • The average score is 19 of 24
Answer Stats
Letter Height of tallest building Country % Correct
U 828 m (2,717 ft) United Arab Emirates
95%
F 225 m (758 ft) France
93%
J 325 m (1,067 ft) Japan
93%
O 53 m (174 ft) Oman
93%
C 632 m (2,073 ft) China
92%
G 259 m (850 ft) Germany
91%
Q 315 m (1,033 ft) Qatar
91%
Y 100 m (330 ft) Yemen
91%
Z 120 m (394 ft) Zimbabwe
88%
R 462 m (1,516 ft) Russia
87%
I 383 m (1,256 ft) Indonesia
86%
V 461.2 m (1,513 ft) Vietnam
85%
A 322.5 m (1,058 ft) Australia
81%
B 290 m (951 ft) Brazil
81%
H 150 m (492 ft) Hungary
81%
M 678.9 m (2,227 ft) Malaysia
81%
K 412.6 m (1,354 ft) Kuwait
75%
E 393.8 m (1,292 ft) Egypt
74%
P 318 m (1,043 ft) Philippines
69%
S 601 m (1,972 ft) Saudi Arabia
68%
D 189 m (591 ft) Dominican Republic
67%
T 508 m (1,667 ft) Taiwan
65%
N 330 m (1,083 ft) North Korea
62%
L 195.2 m (640 ft) Lebanon
54%
No matching quizzes found
Score Distribution
Percent of People with Each Score
Percentile by Number Answered
Your Score History
You have not taken this quiz